<?xml version="1.0" encoding="UTF-8"?>
<marc:record xmlns:marc="http://www.loc.gov/MARC21/slim">
   <marc:leader>00000nam a2200000 a 4500</marc:leader>
   <marc:datafield ind1="1" ind2=" " tag="100">
      <marc:subfield code="a">Zeiss, Ella</marc:subfield>
      <marc:subfield code="4">aut</marc:subfield>
      <marc:subfield code="e">Verfasser/-in</marc:subfield>
   </marc:datafield>
   <marc:datafield ind1=" " ind2=" " tag="653">
      <marc:subfield code="a">Flucht</marc:subfield>
   </marc:datafield>
   <marc:datafield ind1=" " ind2=" " tag="653">
      <marc:subfield code="a">Sowjetunion</marc:subfield>
   </marc:datafield>
   <marc:datafield ind1=" " ind2=" " tag="653">
      <marc:subfield code="a">Familiensaga</marc:subfield>
   </marc:datafield>
   <marc:datafield ind1=" " ind2=" " tag="653">
      <marc:subfield code="a">Familienchronik</marc:subfield>
   </marc:datafield>
   <marc:datafield ind1=" " ind2=" " tag="653">
      <marc:subfield code="a">Lehrer</marc:subfield>
   </marc:datafield>
   <marc:datafield ind1=" " ind2=" " tag="653">
      <marc:subfield code="a">Kapitalismus</marc:subfield>
   </marc:datafield>
   <marc:datafield ind1=" " ind2=" " tag="653">
      <marc:subfield code="a">Familiengeschichte</marc:subfield>
   </marc:datafield>
   <marc:datafield ind1=" " ind2=" " tag="653">
      <marc:subfield code="a">Enteignung</marc:subfield>
   </marc:datafield>
   <marc:datafield ind1=" " ind2=" " tag="653">
      <marc:subfield code="a">Autor &lt;Deutschland&gt;</marc:subfield>
   </marc:datafield>
   <marc:datafield ind1="0" ind2="0" tag="245">
      <marc:subfield code="a">Wie Gräser im Wind</marc:subfield>
   </marc:datafield>
   <marc:datafield ind1=" " ind2="1" tag="264">
      <marc:subfield code="b">BoD Boo</marc:subfield>
      <marc:subfield code="c">2018</marc:subfield>
   </marc:datafield>
   <marc:datafield ind1="1" ind2=" " tag="490">
      <marc:subfield code="a">Tage des Sturms</marc:subfield>
   </marc:datafield>
   <marc:datafield ind1="1" ind2=" " tag="520">
      <marc:subfield code="a">1930 wütet das Sowjetregime mit Enteignungen und Verhaftungen in den ehemals wohlhabenden deutschen Dörfern der Krim. Jeder, der noch Land oder Einfluss hat, schwebt in Gefahr.
Der Landwirt Wilhelm Scholz weigert sich, seinen letzten Grundbesitz an den Staat zu überschreiben. Mitten in der Nacht zerren bewaffnete Männer ihn, seine Frau Anna und ihre kleinen Kinder aus dem Haus. Die Familie wird in die eisige Wildnis des Hohen Nordens gebracht, wo sie gezwungen werden, in den gewaltigen, grenzenlosen Wäldern Bäume zu fällen. Inmitten von Hunger, Krankheit und klirrender Kälte kämpfen Anna und Wilhelm ums Überleben und um einen Platz in der neuen Weltordnung.
Der Dorflehrer Samuel Pfeiffer entgeht einem ähnlichen Schicksal nur durch eine rechtzeitige Flucht. Mit seiner Familie lässt er in einer Nacht- und Nebelaktion alles zurück. Doch die Verschnaufpause währt nicht lang. Als deutscher Lehrer wird er immer wieder verfolgt und denunziert. Eine Odyssee von der Krim bis nach Baku beginnt </marc:subfield>
   </marc:datafield>
   <marc:datafield ind1=" " ind2=" " tag="020">
      <marc:subfield code="a">9783746077048</marc:subfield>
      <marc:subfield code="9">9783746077048</marc:subfield>
   </marc:datafield>
</marc:record>
